| 000 | 00964cab a2200277 4500 | ||
|---|---|---|---|
| 001 | ABS49495 | ||
| 008 | 090401t1993 xxu||||| |||| 00| 0 eng d | ||
| 035 | _a(Sirsi) u71580 | ||
| 041 | _aeng | ||
| 100 | _aAdair, A. | ||
| 245 | 4 | _aThe interaction between macroeconomic and housing policy in the UK | |
| 260 | _c1993 | ||
| 350 | _a0 | ||
| 490 |
_aJournal of Property Research _v(10) Summer 1993, 121-134(14) |
||
| 520 | _aArgues that macroeconomic policy has been a greater influence on housing provision than housing policy. High levels of home ownership have lead to performance in the housing market influencing monetary and fiscal policy. | ||
| 650 | _aAFFORDABILITY | ||
| 650 | _aECONOMICS | ||
| 650 | _aHOME OWNERSHIP | ||
| 650 | _aHOUSING POLICY | ||
| 650 | _aNEGATIVE EQUITY | ||
| 690 | _aPROPERTY-RESIDENTIAL PROPERTY-RESIDENTIAL PROPERTY MARKET | ||
| 700 | _aBerry, J. | ||
| 700 | _aMcGreal, W. | ||
| 942 | _n0 | ||
| 948 | _c04/03/1997 | ||
| 999 |
_c45148 _d45148 |
||